000 00911cam a2200325 4500
008 090401t1993 xxu||||| |||| 00| 0 eng d
020 _a040602006X
035 _a(Sirsi) u38850
041 _aeng
050 _a346.41104343
100 _aRoss, Murray J
245 _aDrafting and negotiating commercial leases in Scotland
250 _a2nd
260 _aEdinburgh
_bButterworths
_c1993
300 _axxix, 367p. ; 26cm.
350 _a66.5
650 _aMANAGEMENT-DISPUTE AVOIDANCE, MANAGEMENT AND RESOLUTION-DISPUTE MANAGEMENT AND RESOLUTION-ARBITRATION
650 _aCOMMERCIAL LEASES
650 _aInsurance
_96249
650 _aIRRITANCY
650 _aLEASES
650 _aRENT REVIEW
650 _aSERVICE CHARGES
650 _aSUBLEASES
700 _aMcKichan, Duncan J
700 _aPrimrose, Andrew H.
700 _aFleming, Malcolm F.
942 _n0
948 _c04/03/1997
999 _c90721
_d90721